| Поле | Инд. | ПП | Название | Значение |
|---|---|---|---|---|
| Тип записи | a | |||
| Библиографический уровень | m | |||
| 001 | _ | Контрольный номер | RU/ЭБС IPR BOOKS/83044 | |
| 005 | Дата корректировки | 20250915131054.0 | ||
| 008 | Кодируемые данные | 211122s2017 RU y f j 000 1 rus u | ||
| 020 | a | ISBN | 978-5-238-02505-6 | |
| 040 | c | Служба, преобразующая запись | ЭБС IPR BOOKS | |
| 041 | a | Код языка текста | rus | |
| 044 | a | Код страны публикации | RU | |
| 080 | a | Индекс УДК | 327.5 | |
| 084 | 2 | Источник индекса | rubbk | |
| a | Индекс другой классификации/Индекс ББК | 66.4 | ||
| 100 | 1_ | a | Автор | Карпович, О. Г. |
| 4 | Код отношения | 070 | ||
| 245 | a | Заглавие | Глобальные проблемы и международные отношения | |
| b | Продолж. заглавия | монография | ||
| c | Ответственность | О. Г. Карпович | ||
| 250 | g | 2022-03-27 | ||
| a | Основные сведения об издании | Глобальные проблемы и международные отношения | ||
| 256 | a | Характеристики компьютерного файла | Электрон. дан. (1 файл) | |
| 260 | a | Место издания | Москва | |
| b | Издательство | ЮНИТИ-ДАНА | ||
| c | Дата издания | 2017 | ||
| 300 | a | Объем | 503 с. | |
| 500 | a | Примечание | Книга находится в премиум-версии ЭБС IPR BOOKS. | |
| 516 | a | Прим. о типе комп. файла/ данных | Текст | |
| 520 | a | Аннотация | Рассматриваются теоретические аспекты глобальных проблем мировой цивилизации, анализируются основные вопросы, связанные с процессами глобального управления и глобального развития. Проводится анализ основных проблем, угроз и рисков развития мировой цивилизации. Рассматриваются и классифицируются современные политические конфликты, анализируются проблемы их урегулирования и разрешения на основе современных подходов, концепций и технологий. Анализируются основные подходы к исследованию роли и места политических технологий в управлении международными конфликтами. Современный культурно-цивилизационный подход к исследованию международных конфликтов и технологий их мирного разрешения находит свое отражение и развитие в новых политических школах, таких как политический конструктивизм, очень популярный в западном мире и составляющий сегодня реальную конкуренцию школам неореализма и неолиберализма. Книга рассчитана на широкий круг читателей. | |
| 521 | a | Примеч. о целев. назн. | Лицензия до 27.03.2022 | |
| 538 | a | Прим. о системных особенностях | электронный | |
| 653 | a | Ключевые слова | международные отношения | |
| 653 | a | Ключевые слова | глобальные проблемы | |
| 653 | a | Ключевые слова | глобальное развитие | |
| 653 | a | Ключевые слова | политика | |
| 856 | 4_ | u | URL | http://www.iprbookshop.ru/83044.html |
| z | Примечание для пользователя | Участвует в КО |